Informácie a štúdie 8. medzinárodná konferencia ekonómov-regionalistov zo socialistických krajín k problémom osvojenia nových regiónov a k rozvoju infraštruktúry

Na minha lista:
Detalhes bibliográficos
Formato: Livro
Idioma:eslovaco
Publicado em: Bratislava Výskumný ústav oblastného plánovania 1979
Tags: Adicionar Tag
Sem tags, seja o primeiro a adicionar uma tag!

MARC

LEADER 00000nam a2200000 4500
001 0229912
005 20251110141231.8
041 0 |a slo 
044 |a SK 
245 1 0 |a Informácie a štúdie  |b 8. medzinárodná konferencia ekonómov-regionalistov zo socialistických krajín k problémom osvojenia nových regiónov a k rozvoju infraštruktúry 
264 1 |a Bratislava  |b Výskumný ústav oblastného plánovania  |c 1979 
300 |a 154 s.